000 02227cam a2200313 4500500
005 20260426020054.0
041 _afre
042 _adc
100 1 0 _aFabre, Florence
_eauthor
245 0 0 _aJustice ne sera pas faite
260 _c2005.
500 _a55
520 _aDix ans après, que dire de cet accident qui a fait de moi une victime, et de ses conséquences ? Les séquelles et les préjudices subis ont été nombreux – il ne saurait être question d’en dresser ici le triste inventaire. Certains des troubles consécutifs à l’agression se sont atténués; d’autres n’ont rien perdu de leur intensité, mais ils se sont espacés. La lutte contre le Minotaure a été épuisante et, si j’ai remporté quelques « victoires », le prix à payer en est exorbitant. Je pense souvent à ces personnes que je ne connais pas, qui subissent en ce moment même, qui ont subi ou qui subiront un viol: elles n’auront peut-être pas à subir les mêmes malchances que moi; peut-être en subiront-elles de pires.
520 _aJustice shall not be done Ten years later, what can be said about the incident that turned me into a victim, and of its consequences ? The after-effects and prejudices have been numerous – their sad inventory is not the point here. Some of the aggression’s negative consequences faded ; others still prevail, but less frequently. The fight versus the Minotaur has been exhausting and if I gained a few « victories », they were dearly paid. I often think of those people I do not know but who are suffering right now, who suffered or who will suffer a rape : maybe they won’t have to suffer as much as I did, maybe they will suffer even more.
690 _aAgresseur
690 _aPolice
690 _aProcès
690 _aSéquelles et préjudices
690 _aVictime
690 _aViol
690 _aAfter effects and prejudices
690 _aAssailant
690 _aPolice
690 _aRape
690 _aTrial
690 _aVictim
786 0 _nImaginaire & Inconscient | 15 | 1 | 2005-03-01 | p. 83-91 | 1628-9676
856 4 1 _uhttps://shs.cairn.info/revue-imaginaire-et-inconscient-2005-1-page-83?lang=fr&redirect-ssocas=7080
999 _c2225394
_d2225394